MARC details
| 000 -CABECERA |
| campo de control de longitud fija |
01400nam a22002417a 4500 |
| 003 - IDENTIFICADOR DEL NÚMERO DE CONTROL |
| campo de control |
DO-SdBNP |
| 005 - FECHA Y HORA DE LA ÚLTIMA TRANSACCIÓN |
| campo de control |
20220526102708.0 |
| 007 - CAMPO FIJO DE DESCRIPCIÓN FÍSICA--INFORMACIÓN GENERAL |
| campo de control de longitud fija |
ta |
| 008 - DATOS DE LONGITUD FIJA--INFORMACIÓN GENERAL |
| campo de control de longitud fija |
201120b 2018 dr 00| 0 eng d |
| 020 ## - NÚMERO INTERNACIONAL ESTÁNDAR DEL LIBRO |
| Número Internacional Estándar del Libro |
9789945610185 |
| 040 ## - FUENTE DE LA CATALOGACIÓN |
| Centro catalogador/agencia de origen |
DO-SdBNP |
| Lengua de catalogación |
spa |
| Centro/agencia transcriptor |
BNPHU |
| 082 #4 - NÚMERO DE LA CLASIFICACIÓN DECIMAL DEWEY |
| Número de edición |
22 |
| 100 1# - ENTRADA PRINCIPAL--NOMBRE DE PERSONA |
| Nombre de persona |
Cury, Jottin |
| 9 (RLIN) |
10227 |
| 245 10 - MENCIÓN DE TÍTULO |
| Título |
Apuntes para la incorporación del fondo de comercio en RD / |
| Mención de responsabilidad, etc. |
Jottin Cury hijo ; presentacion Diego López Garrido ; prólogo Juan M. Velázquez Gardeta. |
| 260 ## - PUBLICACIÓN, DISTRIBUCIÓN, ETC. |
| Lugar de publicación, distribución, etc. |
Santo Domingo : |
| Nombre del editor, distribuidor, etc. |
Tribunal Constitucional de la República Dominicana, |
| Fecha de publicación, distribución, etc. |
2018. |
| 300 ## - DESCRIPCIÓN FÍSICA |
| Extensión |
495 p. ; |
| Dimensiones |
24 cm. |
| 500 ## - NOTA GENERAL |
| Nota general |
Incluye referencias bibliográficas y notas al pie de las páginas |
| 504 ## - NOTA DE BIBLIOGRAFÍA, ETC. |
| Nota de bibliografía, etc. |
Bibliografía : p. 485-495 |
| 505 0# - NOTA DE CONTENIDO CON FORMATO |
| Nota de contenido con formato |
Dedicatoria -- |
| Título |
Abreviatura utilizadas -- |
| -- |
Presentación -- |
| -- |
Prólogo -- |
| -- |
Evolución histórica, concepto y naturaleza jurídica del fondo de comercio --- |
| -- |
Elementos constitutivos del fondo de comercio -- |
| -- |
El arrendamientos de los locales comerciales y la localización gerencia -- |
| -- |
La venta y pignoración del fondo de comercio -- |
| -- |
El fondo de comercio como derivado de dos derechos constitucionales: el de propiedad y el de la libre empresa -- |
| -- |
El punto comercial en la República Dominicana -- |
| -- |
Conclusiones generales -- |
| -- |
Bibliografía. |
| 590 ## - NOTA LOCAL (RLIN) |
| Nota local |
Inventariado, 2020 /LP<br/><br/> |
| 700 1# - PUNTO DE ACCESO ADICIONAL--NOMBRE DE PERSONA |
| Nombre de persona |
Velázquez Gardeta, Juan M., |
| Término indicativo de función/relación |
prólogo |
| 9 (RLIN) |
77333 |
| 942 ## - ELEMENTOS DE PUNTO DE ACCESO ADICIONAL (KOHA) |
| Fuente del sistema de clasificación o colocación |
Dewey Decimal Classification |
| Tipo de ítem Koha |
Libro |